000 01311nam a22005050a 4500
001 PT52321
003 AR-LpoUNG
005 20210131231512.0
008 191001s2011||||ag |||||||||||||||||spa d
020 _a9789502317816
_c$5.90
040 _aAR-LpoUNG
_bspa
_cAR-LpoUNG
_eaacr
041 _aspa
044 _aag
082 0 _a982.063 257doc
100 1 _aCaraballo, Liliana
245 1 0 _aDocumentos de historia argentina :
_b1955-1976
250 _a2da. ed.
260 _aBuenos Aires :
_bEUDEBA,
_cabril 2011.
300 _a231, [14] p. :
_bil., fot.
650 4 _aANALISIS HISTORICO
650 4 _aARGENTINA
650 4 _aASPECTOS ECONOMICOS
650 4 _aAUTORITARISMO
650 4 _aDEMOCRACIA
650 4 _aDICTADURA
650 4 _aEDUCACION
650 4 _aGOBIERNO MILITAR
650 4 _aGOLPES DE ESTADO
650 4 _aHISTORIA ECONOMICA
650 4 _aHISTORIA POLITICA
650 4 _aHISTORIA SOCIAL
650 4 _aIDEOLOGIAS POLITICAS
650 4 _aIGLESIA CATOLICA
650 4 _aMOVIMIENTOS OBREROS
650 4 _aPARTIDOS POLITICOS
650 4 _aREVOLUCION
650 4 _aUNIVERSIDADES
651 4 _aArgentina
653 _aONGANIATO
653 _aPERONISMO
700 1 _aCharlier, Noemí
700 1 _aGarulli, Liliana
905 _a52321
942 _cLIB
999 _c10386
_d10386